Didáctica de la Física y la Química

Saved in:
Bibliografiske detaljer
Main Authors: Caamaño, Aureli (Author), Ametller, Jaume (Author), Cañal, Pedro (Author), Couso, Digna (Author), Gallástegui, Juan Ramón (Author), Jiménez-Aleixandre, María Pilar (Author), Justi, Rosária (Author), Pintó, Roser (Author), Pro, Antonio de (Author), Sanmartí, Neus (Author)
Format: Bog
Sprog:spansk
Udgivet: Barcelona Graó 2011
Udgivelse:1a. ed
Serier:Formación del Profesorado. Educación Secundaria, 5 v.2
Fag:
Tags: Tilføj Tag
Ingen Tags, Vær først til at tagge denne postø!

MARC

LEADER 00000cam a2200000 a 4500
001 UCF6986
003 CL-VaPUC
008 130530e20110500SP |||||||||||||||||spa|d
020 |a 9788499800806 
082 0 4 |a 372.35  |b CAA  |2 21 
100 0 |a Caamaño, Aureli  |e author  |9 568947 
700 0 |a Ametller, Jaume  |e author  |9 568948 
700 0 |a Cañal, Pedro  |e author  |9 568949 
700 0 |a Couso, Digna  |e author  |9 568950 
700 0 |a Gallástegui, Juan Ramón  |e author  |9 568951 
700 |a Jiménez-Aleixandre, María Pilar  |e author  |9 568952 
700 0 |a Justi, Rosária  |e author  |9 568953 
700 0 |a Pintó, Roser  |e author  |9 568954 
700 0 |a Pro, Antonio de  |e author  |9 568955 
700 0 |a Sanmartí, Neus  |e author  |9 568956 
245 1 0 |a Didáctica de la Física y la Química 
250 |a 1a. ed 
300 |a 214 p 
942 |c BK 
945 |d 20130530 00:00:00  |a dcastane 
260 |a Barcelona  |b Graó  |c 2011 
650 7 |a DIDACTICA DE LAS CIENCIAS  |2 CL-VaPUC  |9 532890 
650 0 |a Formación profesional de profesores  |9 307493 
650 0 |a Física   |9 227844 
650 0 |a Química  |9 259896 
650 0 |a Procesos de aprendizaje  |9 309161 
583 |a last modification  |c 20130703 10:59:20  |k Rodrigo Vera 
490 0 |a Formación del Profesorado. Educación Secundaria, 5 v.2 
999 |c 351956  |d 351954 
952 |0 0  |1 0  |4 0  |6 372_350000000000000_CAA_2011  |7 0  |8 A  |9 456395  |a BIBCUR  |b BIBCUR  |d 2019-11-22  |i 4976754  |l 2  |m 1  |o 372.35 CAA 2011  |p 4976754  |r 2025-04-22  |s 2024-06-05  |w 2019-11-22  |y BK  |k QUI 
952 |0 0  |1 0  |4 0  |6 372_350000000000000_CAA_2011  |7 0  |8 A  |9 456396  |a BIBCUR  |b BIBCUR  |d 2019-11-22  |i 4976762  |l 3  |o 372.35 CAA 2011  |p 4976762  |r 2025-04-22  |s 2024-10-24  |w 2019-11-22  |y BK  |k QUI 
952 |0 0  |1 0  |4 0  |6 372_350000000000000_CAA_2011  |7 0  |8 A  |9 456397  |a BIBCUR  |b BIBCUR  |d 2019-11-22  |i 4976770  |l 1  |o 372.35 CAA 2011  |p 4976770  |r 2025-04-22  |s 2024-11-11  |w 2019-11-22  |y BK  |k QUI 
952 |0 0  |1 0  |4 0  |6 372_350000000000000_CAA_2011  |7 0  |8 A  |9 456398  |a BIBCUR  |b BIBCUR  |d 2019-11-22  |i 4988450  |o 372.35 CAA 2011  |p 4988450  |r 2025-04-22  |w 2019-11-22  |y BK  |k BAC 
952 |0 0  |1 0  |4 0  |6 372_350000000000000_CAA_2011  |7 0  |8 A  |9 456399  |a BIBCUR  |b BIBCUR  |d 2019-11-22  |i 4988469  |o 372.35 CAA 2011  |p 4988469  |r 2025-04-22  |w 2019-11-22  |y BK  |k BAC 
952 |0 0  |1 0  |4 0  |6 372_350000000000000_CAA_2011  |7 0  |8 A  |9 456400  |a BIBCUR  |b BIBCUR  |d 2019-11-22  |i 4988477  |l 3  |m 3  |o 372.35 CAA 2011  |p 4988477  |r 2025-04-22  |s 2025-03-27  |w 2019-11-22  |y BK  |k BAC 
952 |0 0  |1 0  |4 0  |6 372_350000000000000_CAA_2011  |7 0  |8 A  |9 456401  |a BIBCUR  |b BIBCUR  |d 2019-11-22  |i 4988485  |l 1  |m 2  |o 372.35 CAA 2011  |p 4988485  |r 2025-04-22  |s 2024-06-06  |w 2019-11-22  |y BK  |k BAC 
952 |0 0  |1 0  |4 0  |6 372_350000000000000_CAA_2011  |7 0  |8 A  |9 456402  |a BIBCUR  |b BIBCUR  |d 2019-11-22  |i 4988493  |l 1  |o 372.35 CAA 2011  |p 4988493  |q 2025-05-15  |r 2025-05-08  |s 2025-05-08  |w 2019-11-22  |y BK  |k BAC 
952 |0 0  |1 0  |4 0  |6 372_350000000000000_CAA_2011  |7 0  |8 A  |9 456403  |a BIBCUR  |b BIBCUR  |d 2019-11-22  |i 4988507  |l 1  |m 2  |o 372.35 CAA 2011  |p 4988507  |r 2025-04-22  |s 2024-06-24  |w 2019-11-22  |y BK  |k BAC